Countries Consuming The Most Chocolate - Statistics

General Stats
  • This quiz has been taken 69 times
  • The average score is 8 of 11
Answer Stats
Yearly Amount (kg) Country % Correct
7.5 United Kingdom
92%
7.9 Germany
89%
9.0 Switzerland
84%
7.8 Austria
74%
5.4 Sweden
74%
5.3 Finland
69%
6.6 Norway
69%
5.3 Russia
69%
7.5 Ireland
58%
6.0 Estonia
39%
5.4 Slovakia
32%
No matching quizzes found
Score Distribution
Percent of People with Each Score
Percentile by Number Answered
Your Score History
You have not taken this quiz